000 00738nam a2200205Ii 4500
003 JO-AjNU
008 230605s9999||||xx |||||||||||||| ||und||
040 _aJO-AjNU
_bara
_erda
_cJO-AjNU
041 _aara
050 1 4 _aHV6675 .F3764 1993
100 3 _aهليل، فرج علواني,
_eauthor
_97408
245 0 0 _aجرائم التزييف و التزوير
264 3 1 _aالاسكندرية: دار المطبوعات الجامعية، 1993
300 _a332ص
_bيحتوي على ببلوغرافية من 328-332ص
336 _atext
_btxt
_2rdacontent
337 _aunmediated
_bn
_2rdamedia
338 _avolume
_bnc
_2rdacarrier
490 0 _aالمكتبة القانونية
650 4 _aالتزييف والتزوير
_97409
999 _aA264
_c3832
_d3832